Meilleurs sons d'Aya Nakamura - Statistiques

Statistiques générales
  • Ce quiz a été pris 1 526 fois
    836 depuis la dernière actualisation
  • Le résultat moyen est 9 sur 15
Statistiques - réponses
Rang Titres Streams % Correct
1 Djadja 468,9M
98%
3 Djadja - Remix (ft. Maluma) 364,6M
98%
4 Pookie 205,1M
88%
6 Pookie - Remix (ft. Capo Plaza) 99,4M
88%
2 Copines 402,4M
84%
13 Comportement 62,2M
61%
7 40% 93,1M
52%
9 Baby 81,4M
49%
11 La dot 77,5M
47%
8 Dégaine (ft. Damso) 83,6M
44%
5 Jolie nana 150,1M
40%
15 Doudou 50,8M
39%
14 Sucette (ft. Niska) 52,3M
39%
10 Bobo 77,9M
27%
12 Plus Jamais (ft. Stormzy) 63,8M
24%
Aucun quiz correspondant
Distribution des résultats
% des personnes avec chaque résultat
Percentile par nombre de réponses
Votre historique - résultats
Vous n’avez pas pris ce quiz depuis la dernière actualisation